El dinero : (Record no. 194843)
[ view plain ]
| 000 -LEADER | |
|---|---|
| campo de control de longitud fija | 01724nam a2200385 i 4500 |
| 001 - NÚMERO DE CONTROL | |
| campo de control | 194843 |
| 003 - IDENTIFICADOR DE NÚMERO DE CONTROL | |
| campo de control | ES-MaACL |
| 005 - FECHA Y HORA DE LA ÚLTIMA TRANSACCIÓN | |
| campo de control | 20250530063024.0 |
| 008 - DATOS DE LONGITUD FIJA--INFORMACIÓN GENERAL | |
| campo de control de longitud fija | 240517-2024 ---|||||-|||||-|| -----|c |
| 017 ## - NÚMERO DE COPYRIGHT O DE DEPÓSITO LEGAL | |
| Número de copyright o de depósito legal | DL M 1728-2024 |
| Agencia que asigna | Oficina Depósito Legal Madrid |
| 020 ## - NÚMERO INTERNACIONAL ESTÁNDAR DEL LIBRO | |
| Número Internacional Estándar del Libro | 9788490414958 |
| 040 ## - FUENTE DE CATALOGACIÓN | |
| Centro catalogador/agencia de origen | ES-BaUB |
| Lengua de catalogación | cat |
| Normas de descripción | rda |
| Centro/agencia transcriptor | ES-BaUB |
| Centro/agencia modificador | ES-MaACL |
| 100 ## - ENTRADA PRINCIPAL--NOMBRE DE PERSONA | |
| Nombre de persona | Gilabert, Gaston |
| 9 (RLIN) | 236476 |
| Término indicativo de función/relación | Autor |
| 245 ## - MENCIÓN DEL TÍTULO | |
| Título | El dinero : |
| Resto del título | Economía, literatura y espectáculo en la sociedad del Siglo de Oro / |
| Mención de responsabilidad, etc. | Gaston Gilabert |
| 250 ## - MENCION DE EDICION | |
| Mención de edición | Primera edición: mayo 2024 |
| 264 #1 - PRODUCCIÓN, PUBLICACIÓN, DISTRIBUCIÓN, FABRICACIÓN Y COPYRIGHT | |
| Producción, publicación, distribución, fabricación y copyright | Madrid : |
| Nombre del de productor, editor, distribuidor, fabricante | Compañía Nacional de Teatro Clásico, |
| Fecha de producción, publicación, distribución, fabricación o copyright | Mayo de 2024 |
| 300 ## - DESCRIPCIÓN FÍSICA | |
| Extensión | 231 páginas ; |
| Dimensiones | 21 cm |
| 336 ## - TIPO DE CONTENIDO | |
| Término de tipo de contenido | texto |
| Código de tipo de contenido | txt |
| Fuente | rdacontent |
| 337 ## - TIPO DE MEDIO | |
| Nombre/término del tipo de medio | sin mediciaón |
| Código del tipo de medio | n |
| Fuente | rdamedia |
| 338 ## - TIPO DE SOPORTE | |
| Nombre/término del tipo de soporte | volumen |
| Código del tipo de soporte | nc |
| Fuente | rdacarrier |
| 520 ## - RESUMEN, ETC. | |
| Sumario, etc. | El dinero dice mucho de la humanidad, de nuestro modo de relacionarnos y de pensarnos. En una moneda podemos leer los anhelos y los miedos de una sociedad. |
| 650 #7 - PUNTO DE ACCESO ADICIONAL DE MATERIA--TÉRMINO DE MATERIA | |
| 9 (RLIN) | 152334 |
| Término de materia o nombre geográfico como elemento de entrada | Literatura española- |
| Subdivisión cronológica | S.XVI-XVII |
| 650 #7 - PUNTO DE ACCESO ADICIONAL DE MATERIA--TÉRMINO DE MATERIA | |
| 9 (RLIN) | 163703 |
| Término de materia o nombre geográfico como elemento de entrada | Economía- |
| Subdivisión geográfica | España- |
| Subdivisión cronológica | S.XVI |
| 650 #7 - PUNTO DE ACCESO ADICIONAL DE MATERIA--TÉRMINO DE MATERIA | |
| 9 (RLIN) | 163704 |
| Término de materia o nombre geográfico como elemento de entrada | Economía- |
| Subdivisión geográfica | España- |
| Subdivisión cronológica | S.XVII |
| 650 #4 - PUNTO DE ACCESO ADICIONAL DE MATERIA--TÉRMINO DE MATERIA | |
| 9 (RLIN) | 12489 |
| Término de materia o nombre geográfico como elemento de entrada | Espectáculos- |
| Subdivisión geográfica | España- |
| Subdivisión cronológica | S.XVII |
| 710 0# - ENTRADA AGREGADA--NOMBRE DE ENTIDAD CORPORATIVA | |
| 9 (RLIN) | 3122 |
| Nombre de entidad corporativa o nombre de jurisdicción como elemento de entrada | Compañía Nacional de Teatro Clásico |
| 852 ## - LOCALIZACIÓN | |
| Ubicación | ES-MaACL |
| Ubicación en estantería | Depósito J |
| Número de control de estantería | N-9965 |
| Encuadernación | Encuadernación rústica |
| Donativo/Legado | Donación: Gaston Gilabert |
| Anotaciones manuscritas | Dedicatoria autógrafa del autor |
| itemnumber | 205872 |
| 903 ## - NOMBRE PERSONAL DE DONANTE | |
| 9 | 236476 |
| a | Gilabert, Gaston |
| e | Donante |
| 942 ## - ELEMENTOS DE ENTRADA SECUNDARIOS (KOHA) | |
| Tipo de ítem Koha | Libro impreso |
| Suprimir en OPAC | No |
| Estatus retirado | Estado de pérdida | Fuente del sistema de clasificación o colocación | Estado de daño | No para préstamo | Colección | Biblioteca de origen | Biblioteca actual | Ubicación en estantería | Fecha de adquisición | Fuente de adquisición | Total de préstamos | Signatura topográfica completa | Código de barras | Visto por última vez | Precio de reemplazo | Tipo de ítem Koha |
|---|---|---|---|---|---|---|---|---|---|---|---|---|---|---|---|---|
| Clasificación decimal universal | Libros con dedicatorias | Biblioteca del Ateneo de Madrid | Biblioteca del Ateneo de Madrid | Depósito J | 28/05/2025 | Donación | N-9965 | 101230209 | 28/05/2025 | 28/05/2025 | Libro impreso |
